| 000 -LEADER |
| fixed length control field |
02042 a2200313 4500 |
| 003 - CONTROL NUMBER IDENTIFIER |
| control field |
OSt |
| 005 - DATE AND TIME OF LATEST TRANSACTION |
| control field |
20180116192340.0 |
| 008 - FIXED-LENGTH DATA ELEMENTS--GENERAL INFORMATION |
| fixed length control field |
120524t xxu||||| |||| 00| 0 eng d |
| 010 ## - LIBRARY OF CONGRESS CONTROL NUMBER |
| LC control number |
2003279056 |
| 020 ## - INTERNATIONAL STANDARD BOOK NUMBER |
| International Standard Book Number |
0071500782 |
| 040 ## - CATALOGING SOURCE |
| Transcribing agency |
0 |
| 082 00 - DEWEY DECIMAL CLASSIFICATION NUMBER |
| Classification number |
624.184 |
| 100 ## - MAIN ENTRY--PERSONAL NAME |
| Personal name |
Breyer, Donald E. |
| 9 (RLIN) |
2003 |
| 245 00 - TITLE STATEMENT |
| Title |
Design of wood structures--ASD / |
| Statement of responsibility, etc. |
Donald E. Breyer ... [et al.]. |
| 250 ## - EDITION STATEMENT |
| Edition statement |
5th ed. |
| 260 ## - PUBLICATION, DISTRIBUTION, ETC. |
| Place of publication, distribution, etc. |
New York : |
| Name of publisher, distributor, etc. |
McGraw-Hill, |
| Date of publication, distribution, etc. |
c2003. |
| 300 ## - PHYSICAL DESCRIPTION |
| Extent |
1 v. (various pagings) : |
| Other physical details |
ill. ; |
| Dimensions |
25 cm. |
| 500 ## - GENERAL NOTE |
| General note |
Rev. ed. of: Design of wood structures ASD / Donald E. Breyer, Kenneth J. Fridley, Kelly E. Cobeen. c1998. |
| 505 ## - FORMATTED CONTENTS NOTE |
| Formatted contents note |
1: Wood Buildings and Design Criteria-- 2: Design Loads-- 3: Behavior of Structures Under Loads and Forces-- 4: Properties of Wood and Lumber Grades-- 5: Structural Glued Laminated Timber-- 6: Beam Design-- 7: Axial Forces and Combined Bending and Axial Forces-- 8: Wood Structural Panels-- 9: Horizontal Diaphragms-- 10: Shearwalls-- 11: Wood Connections—Background-- 12: Nailed and Stapled Connections-- 13: Bolts, Lag Bolts, and Other Connectors-- 14: Connection Hardware-- 15: Diaphragm-to-Shearwall Anchorage-- 16: Advanced Topics in Lateral Force Design-- A: EQUIVALENT UNIFORM WEIGHTS OF WOOD FRAMING-- B: WEIGHTS OF BUILDING MATERIALS-- C: SELECTED TABLES FROM THE INTERNATIONAL BUILDING CODE, 2003 Edition-- D: SELECTED TABLES FROM MINIMUM DESIGN LOADS FOR BUILDINGS AND OTHER -- INDEX-- |
| 650 #0 - SUBJECT ADDED ENTRY--TOPICAL TERM |
| Topical term or geographic name entry element |
Building, Wooden. |
| 9 (RLIN) |
2004 |
| 650 #0 - SUBJECT ADDED ENTRY--TOPICAL TERM |
| Topical term or geographic name entry element |
Building, Wooden |
| General subdivision |
Design and construction |
| 9 (RLIN) |
2005 |
| 700 1# - ADDED ENTRY--PERSONAL NAME |
| Personal name |
Breyer, Donald E. |
| 9 (RLIN) |
2006 |
| 700 1# - ADDED ENTRY--PERSONAL NAME |
| Personal name |
Breyer, Donald E. |
| 9 (RLIN) |
2007 |
| 856 42 - ELECTRONIC LOCATION AND ACCESS |
| Materials specified |
Contributor biographical information |
| Uniform Resource Identifier |
<a href="http://www.loc.gov/catdir/bios/mh041/2003279056.html">http://www.loc.gov/catdir/bios/mh041/2003279056.html</a> |
| 856 42 - ELECTRONIC LOCATION AND ACCESS |
| Materials specified |
Table of contents |
| Uniform Resource Identifier |
<a href="http://www.loc.gov/catdir/toc/mh041/2003279056.html">http://www.loc.gov/catdir/toc/mh041/2003279056.html</a> |
| 856 42 - ELECTRONIC LOCATION AND ACCESS |
| Materials specified |
Publisher description |
| Uniform Resource Identifier |
<a href="http://www.loc.gov/catdir/enhancements/fy0704/2003279056-d.html">http://www.loc.gov/catdir/enhancements/fy0704/2003279056-d.html</a> |
| 942 ## - ADDED ENTRY ELEMENTS (KOHA) |
| Institution code [OBSOLETE] |
SADA |
| Koha item type |
Book |
| Call number prefix |
624.184 BRE 2003 |
| Source of classification or shelving scheme |
|